[Event "26th Open"]
[Site "Cappelle la Grande FRA"]
[Date "2010.02.20"]
[Round "9"]
[White "Hammer,J"]
[Black "Lalic,B"]
[Result "1-0"]
[WhiteElo "2627"]
[BlackElo "2494"]
[EventDate "2010.02.13"]

1. e4 c5 2. Nf3 d6 3. d4 cxd4 4. Nxd4 Nf6 5. Nc3 a6 6. f4 e5 7. Nf3 Nbd7 8.
Be3 Be7 9. Qd2 exf4 10. Bxf4 Nc5 11. Bc4 O-O 12. O-O-O Ncxe4 13. Nxe4 Nxe4
14. Qd4 Ng5 15. Bxd6 Bxd6 16. Qxd6 Qxd6 17. Rxd6 Nxf3 18. gxf3 b5 19. Bd5
Ra7 20. Re1 g6 21. b3 b4 22. Kb2 a5 23. a4 Bf5 24. Re5 Rc8 25. Bc4 Kf8 26.
Rdd5 Rca8 27. Rc5 Rd8 28. Red5 Rxd5 29. Bxd5 Ke7 30. Be4 Be6 31. c3 bxc3+
32. Kxc3 Kd6 33. Rb5 Bd7 34. Rd5+ Kc7 35. Kd4 f5 36. Rc5+ Kb6 37. Bd5 Be8
38. Rc8 Re7 39. Rb8+ Ka7 40. Ra8+ Kb6 41. b4 Bxa4 42. bxa5+ Kb5 43. f4 Rc7
44. Ke5 Kc5 45. Rd8 Bb5 46. Bg8 Kb4 47. Ra8 Kc5 48. h4 Bc6 49. Rf8 Ra7 50.
Kf6 Kd4 51. Rf7 Ra6 52. Kg5 h6+ 53. Kxh6 Ke3 54. Rf6 Kxf4 55. Bd5 Rxa5 56.
Bxc6 Kg4 57. Kxg6 Kxh4 58. Bd7 Kg4 59. Bc8 Rc5 60. Bxf5+ Kg3 61. Kg5 Kf3
62. Rd6 Re5 63. Rd4 Re3 64. Rh4 Kg3 65. Be4 Re2 66. Rg4+ Kf2 67. Kf4 Rd2
68. Rg3 Re2 69. Rh3 Rd2 70. Rh1 Re2 71. Bd3 Rd2 72. Ke4 Kg2 73. Ra1 Rf2 74.
Ra6 Rf8 75. Ke3 Rf3+ 76. Kd4 Kf2 77. Be4 Rb3 78. Ra2+ Kg3 79. Ke5 Rb5+ 80.
Bd5 Rb1 81. Rg2+ Kh3 82. Rg7 Rb4 83. Be4 Rb8 84. Kf4 Rf8+ 85. Bf5+ Kh2 86.
Rg5 Rb8 87. Be4 Rf8+ 88. Ke3 Kh3 89. Bf3 Kh4 90. Rg4+ Kh3 91. Kf2 Rb8 92.
Rg5 Rb2+ 93. Be2 Rb4 94. Bf3 Rb2+ 95. Ke3 Rb4 96. Be4 Kh4 97. Rg7 Kh5 98.
Kf4 Rb6 99. Ra7 Rf6+ 100. Bf5 Rb6 101. Ra1 Rb4+ 102. Be4 Kh6 103. Ra7 1-0

[Event "26th Open"]
[Site "Cappelle la Grande FRA"]
[Date "2010.02.20"]
[Round "9"]
[White "Vorobiov,E"]
[Black "Sanduleac,V"]
[Result "1/2-1/2"]
[WhiteElo "2621"]
[BlackElo "2466"]
[EventDate "2010.02.13"]

1. e4 c6 2. c4 e5 3. Nf3 d6 4. d4 Nd7 5. Nc3 Ngf6 6. Be2 Be7 7. O-O O-O 8.
Qc2 Re8 9. Rd1 Qc7 10. Bg5 h6 11. Bh4 Nh7 12. Bxe7 Rxe7 13. c5 dxc5 14. d5
Re8 15. dxc6 bxc6 16. Na4 Nhf6 17. Nd2 Nf8 18. Nxc5 Ne6 19. Ndb3 Nxc5 20.
Nxc5 Nd7 21. Rac1 Nxc5 22. Qxc5 Bb7 23. b4 Qb6 24. a4 Ba6 25. b5 Qxc5 26.
Rxc5 cxb5 27. axb5 Bb7 28. f3 Re7 29. Ra1 Rc8 30. Rc4 Rxc4 31. Bxc4 Bc8 32.
Kf2 Rc7 33. Bd3 Kf8 34. Ke3 Ke7 35. h4 f6 36. g3 Kd6 37. f4 Kc5 38. f5 Bd7
39. g4 Rb7 40. Rc1+ Kb6 41. Rb1 Rc7 42. Be2 Rc3+ 43. Kf2 Rc2 44. Ke3 Rc3+
45. Kf2 Rc2 46. Ke3 Rc3+ 1/2-1/2

[Event "26th Open"]
[Site "Cappelle la Grande FRA"]
[Date "2010.02.20"]
[Round "9"]
[White "Rombaldoni,D"]
[Black "Balogh,C"]
[Result "0-1"]
[WhiteElo "2497"]
[BlackElo "2619"]
[EventDate "2010.02.13"]

1. d4 d5 2. c4 c6 3. Nc3 dxc4 4. e3 b5 5. a4 b4 6. Na2 e6 7. Bxc4 Nf6 8.
Nf3 Nbd7 9. O-O Bb7 10. Qe2 Be7 11. b3 O-O 12. Bb2 c5 13. Nc1 Qa5 14. Nd3
cxd4 15. Nxd4 a6 16. Rfc1 Rfc8 17. f4 Nb6 18. Ne5 Nxc4 19. Nxc4 Qd8 20. Ne5
Qd5 21. Rd1 Qe4 22. Qf3 Rc7 23. Rac1 Rac8 24. Qxe4 Nxe4 25. Rxc7 Rxc7 26.
Rc1 Rxc1+ 27. Bxc1 Bd5 28. Nd7 Nc5 29. Nxc5 Bxc5 30. a5 Kf8 31. Bd2 Be4 32.
Kf2 Ke7 33. g3 f6 34. Ke2 Kd6 35. Bc1 Kd5 36. Nf3 Bc2 37. Bb2 Bd6 38. g4 e5
39. g5 exf4 40. gxf6 gxf6 41. Bxf6 Bxb3 42. Ng5 Bc2 43. h4 fxe3 44. Kxe3
Bc7 45. Kd2 Bf5 46. Kc1 Bxa5 47. Kb2 Bc7 48. Kb3 a5 49. Nf3 Bg4 50. Nd4
Bd1+ 51. Kb2 a4 52. Kc1 Bb6 0-1

[Event "26th Open"]
[Site "Cappelle la Grande FRA"]
[Date "2010.02.20"]
[Round "9"]
[White "Kovalyov,A"]
[Black "Todorov,T"]
[Result "1/2-1/2"]
[WhiteElo "2601"]
[BlackElo "2490"]
[EventDate "2010.02.13"]

1. Nf3 Nc6 2. d4 d5 3. c4 Bg4 4. Nbd2 dxc4 5. Qa4 Qd7 6. e3 e5 7. Bxc4 exd4
8. exd4 Bxf3 9. Nxf3 Bb4+ 10. Kf1 Nge7 11. a3 Ba5 12. Qb3 O-O-O 13. Bxf7
Nd5 14. Bxd5 Qxd5 15. Qxd5 Rxd5 16. Be3 Bb6 17. Rd1 Rhd8 18. Ke2 Nxd4+ 19.
Nxd4 Bxd4 20. Rxd4 Rxd4 21. Bxd4 Rxd4 22. Rc1 Kd7 23. Ke3 Rd6 24. f4 Rb6
25. Rc2 c5 26. g4 Rb3+ 27. Ke4 b5 28. Rxc5 Rxb2 29. Rh5 h6 30. Kf5 Rf2 31.
Kg6 Rxf4 32. h3 Rf3 33. Rxb5 Rxh3 34. Rb7+ Kc6 35. Rxa7 Rh4 36. Ra4 h5 37.
Rc4+ Kd5 38. Kg5 Kxc4 39. Kxh4 hxg4 40. Kxg4 Kb3 41. Kg5 Kxa3 42. Kg6 Ka2
43. Kg5 Ka1 1/2-1/2

[Event "26th Open"]
[Site "Cappelle la Grande FRA"]
[Date "2010.02.20"]
[Round "9"]
[White "Bogner,S"]
[Black "Geetha Narayanan Gopal"]
[Result "1/2-1/2"]
[WhiteElo "2494"]
[BlackElo "2575"]
[EventDate "2010.02.13"]

1. d4 Nf6 2. c4 g6 3. g3 c6 4. Nf3 d5 5. b3 Bg7 6. Bg2 c5 7. O-O O-O 8. Bb2
dxc4 9. bxc4 Qb6 10. Qb3 Nfd7 11. Nc3 Nc6 12. Nd5 Qxb3 13. axb3 e6 14. Nc7
Rb8 15. Rfd1 a6 16. Rab1 cxd4 17. Nxd4 Nxd4 18. Bxd4 Bxd4 19. Rxd4 a5 20.
b4 axb4 21. Rxb4 Nc5 22. Rb5 b6 23. Rd6 Bd7 24. Rbxb6 Rxb6 25. Rxb6 Rc8 26.
Nb5 Kf8 27. f4 Ke7 28. Na7 Rc7 29. Nc6+ Bxc6 30. Rxc6 Rxc6 31. Bxc6 Kd6 32.
Be8 Ne4 33. Kg2 f5 34. h3 Nd2 35. Bb5 Kc5 1/2-1/2